[Event "Challenge"]
[Site "http://www.queenalice.com/game.php?id=1867306"]
[Date "2025.12.19"]
[Round "-"]
[White "jogo"]
[Black "Capixaba789"]
[Result "1/2-1/2"]
[WhiteElo "2016"]
[BlackElo "1848"]

1. e4 e5 2. Nf3 d6 3. d4 exd4 4. Nxd4 Nf6 5. Bg5 Be7 6. Bc4 O-O 7. f3 c5 8. Ne2
Nc6 9. Nbc3 Ne5 10. Bb3 c4 11. Ba4 a6 12. b3 b5 13. f4 Ned7 14. Nxb5 axb5 15.
Bxb5 cxb3 16. axb3 Rxa1 17. Qxa1 Nc5 18. e5 dxe5 19. fxe5 Nfe4 20. Bxe7 Qxe7 21.
b4 Qh4+ 22. g3 Qh3 23. bxc5 Nxc5 24. Nf4 Qg4 25. Be2 Qf5 26. Qd4 Qxc2 27. O-O
Ne6 28. Nxe6 Bxe6 29. Bd3 Qb3 30. Rb1 Qd5 31. Qxd5 Bxd5 32. Rd1 Be6 33. Kf2 Rb8
34. Bc2 h6 35. Rd2 g6 36. Ke3 Rb2 37. Bd3 Rb3 38. Ke2 Bg4+ 39. Ke1 h5 40. Bc4
Rb1+ 41. Kf2 Kg7 42. Be2 Bxe2 43. Rxe2 Rb7 44. e6 Re7 45. exf7 Rxe2+ 46. Kxe2
Kxf7 47. Ke3 Kf6 48. h4 Kf5 49. Kf3 g5 50. hxg5 Kxg5 51. Kg2 1/2-1/2

[Event "Challenge"]
[Site "http://www.queenalice.com/game.php?id=1867725"]
[Date "2026.1.8"]
[Round "-"]
[White "jogo"]
[Black "chessman"]
[Result "0-1"]
[WhiteElo "1816"]
[BlackElo "1973"]

1. e4 e6 2. d4 d5 3. e5 c5 4. c3 Nc6 5. Nf3 cxd4 6. cxd4 Nge7 7. a3 Qb6 8. Bd3
Bd7 9. Nc3 Nxd4 10. Nxd4 Qxd4 11. O-O Qxe5 12. Qe2 Qxe2 13. Bxe2 Ng6 14. Be3 Be7
15. Bb5 a6 16. Bxd7+ Kxd7 17. Na4 Rad8 18. Rac1 Bd6 19. Nb6+ Ke7 20. Rfe1 Rhg8
21. Bd4 Bf4 22. Rc5 Bd6 0-1

[Event "AUTO-OPEN-4633"]
[Site "http://www.queenalice.com/game.php?id=1867767"]
[Date "2026.1.9"]
[Round "1"]
[White "mvson33"]
[Black "jogo"]
[Result "1-0"]
[WhiteElo "1935"]
[BlackElo "1855"]

1. d4 Nf6 2. Nf3 e6 3. e3 h6 4. Bc4 d5 5. Bb3 Bd6 6. O-O O-O 7. Nc3 c5 8. dxc5
Bxc5 9. Bd2 Nc6 10. a3 e5 11. Bc1 Bg4 12. Nxd5 1-0

[Event "AUTO-OPEN-4633"]
[Site "http://www.queenalice.com/game.php?id=1867787"]
[Date "2026.1.9"]
[Round "1"]
[White "Jovanina1"]
[Black "jogo"]
[Result "1-0"]
[WhiteElo "2222"]
[BlackElo "1856"]

1. f3 d5 2. g3 e5 3. Nh3 Bc5 4. e3 Bf5 5. Nf2 h5 6. Bg2 Nf6 7. a3 O-O 8. b4 Be7
9. Bb2 Nbd7 10. d3 c5 11. Bc3 d4 12. exd4 exd4 13. Bd2 Nb6 14. O-O c4 15. Bg5
cxd3 16. cxd3 1-0

[Event "AUTO-OPEN-4633"]
[Site "http://www.queenalice.com/game.php?id=1867797"]
[Date "2026.1.9"]
[Round "1"]
[White "bdpq"]
[Black "jogo"]
[Result "0-1"]
[WhiteElo "1658"]
[BlackElo "1853"]

1. e4 c5 2. Bc4 e6 3. Qg4 Nf6 4. Qh4 d5 5. exd5 exd5 6. Bb5+ Bd7 7. Bxd7+ Nbxd7
8. Nf3 Be7 9. O-O O-O 10. d3 Ne4 11. dxe4 Bxh4 12. Nxh4 Qxh4 13. exd5 Nb6 14.
Be3 Rac8 15. Nc3 Nc4 16. g3 Qe7 17. Bf4 Nxb2 18. Rfe1 Qd7 19. Rab1 Nc4 20. Ne2
Qxd5 21. Nc3 Qf3 22. Nb5 Rfe8 23. Rec1 Re2 0-1

[Event "Challenge"]
[Site "http://www.queenalice.com/game.php?id=1868095"]
[Date "2026.1.17"]
[Round "-"]
[White "jogo"]
[Black "arvo1938"]
[Result "0-1"]
[WhiteElo "1854"]
[BlackElo "2225"]

1. e4 e5 2. Nf3 Nc6 3. c3 Nf6 4. Qa4 Be7 5. d4 exd4 6. cxd4 O-O 7. Nc3 d6 8. d5
Ne5 9. Nxe5 dxe5 10. Bg5 h6 11. Be3 Bd7 12. Qc2 Ng4 13. Bd2 Bg5 14. h3 Bxd2+ 15.
Qxd2 Nf6 16. O-O-O a5 17. f3 c6 18. dxc6 bxc6 19. g4 Be6 20. Qe3 Qb8 21. b3 Qb4
22. Kb2 Rfd8 23. Rxd8+ Rxd8 24. Bd3 c5 25. Bc2 c4 26. a3 Qb8 27. Nd5 Bxd5 28.
exd5 cxb3 29. Qxb3 Qxb3+ 30. Bxb3 a4 31. Bxa4 Rb8+ 32. Bb3 Nxd5 33. Rd1 Nf4 34.
h4 Kh7 35. Rd7 Ne6 36. Ka2 Rxb3 37. Kxb3 Nc5+ 38. Kc4 Nxd7 39. Kd5 f6 40. Kc6 h5
41. Kxd7 e4 0-1

[Event "Challenge"]
[Site "http://www.queenalice.com/game.php?id=1868337"]
[Date "2026.1.22"]
[Round "-"]
[White "jogo"]
[Black "Capixabba789"]
[Result "1-0"]
[WhiteElo "1842"]
[BlackElo "1847"]

1. e4 Nf6 2. e5 Nd5 3. c4 Nb6 4. d4 d5 5. c5 N6d7 6. Nc3 e6 7. f4 Be7 8. Qg4 Rg8
9. Be3 Nf8 10. O-O-O Ng6 11. h4 Bxh4 12. g3 Be7 13. Rxh7 Nc6 14. a3 b6 15. b4
Bb7 16. Bd3 Qd7 17. Bxg6 O-O-O 18. Bxf7 Rh8 19. Rxh8 Rxh8 20. Bxe6 1-0